Vybrané logistické procesy v slovenskom podniku

Teoretické vymedzenie procesného prístupu v manažmente. Vymedzenie logistických procesov a logistických činností. Analýza logistického procesu v slovenskom podniku.

Gespeichert in:
Bibliographische Detailangaben
1. Verfasser: Richnák, Patrik, 1988-
Weitere Verfasser: Franková, Dominika, 1995-
Format: Buchkapitel
Sprache:Slowakisch
Schlagworte:
Tags: Tag hinzufügen
Keine Tags, Fügen Sie das erste Tag hinzu!

MARC

LEADER 00000naa a2200000 4500
001 0259287
005 20240502074111.9
041 0 |a slo 
044 |a SK 
245 1 0 |a Vybrané logistické procesy v slovenskom podniku  |c Patrik Richnák, Dominika Franková 
520 |a Teoretické vymedzenie procesného prístupu v manažmente. Vymedzenie logistických procesov a logistických činností. Analýza logistického procesu v slovenskom podniku. 
610 2 0 |a stratégia logistická 
610 2 0 |a podnik 
610 2 0 |a riadenie procesné 
610 2 0 |a digitalizácia 
610 2 0 |a manažment 
100 1 |a Richnák, Patrik, 1988- 
700 1 |a Franková, Dominika, 1995-